Statistics for Which Countries are Closest?

Click here to take the quiz!

General Stats

  • This quiz has been taken 96 times
  • The average score is 45 of 60

Answer Stats

QuestionTileSelect% Correct
within 100 miles of FranceTurkeyNo
98%
within 100 miles of FranceLuxembourgYes
95%
within 100 miles of FranceSloveniaNo
95%
within 200 miles of NigeriaZimbabweNo
92%
within 100 miles of FranceDenmarkNo
91%
within 250 miles of IsraelEritreaNo
91%
within 100 miles of FranceGermanyYes
89%
within 100 miles of FranceSpainYes
89%
within 100 miles of FranceAlgeriaNo
87%
within 250 miles of IsraelSudanNo
87%
within 400 miles of CubaSurinameNo
87%
within 100 miles of FranceSwitzerlandYes
87%
within 400 miles of CubaThe United StatesYes
87%
within 250 miles of ChinaIranNo
86%
within 100 miles of FranceIrelandNo
86%
within 250 miles of ChinaNepalYes
86%
within 250 miles of IsraelOmanNo
86%
within 250 miles of IsraelJordanYes
85%
within 250 miles of IsraelLebanonYes
85%
within 200 miles of NigeriaNigerYes
85%
within 250 miles of ChinaBruneiNo
84%
within 200 miles of NigeriaLibyaNo
84%
within 200 miles of NigeriaMoroccoNo
84%
within 250 miles of ChinaIndonesiaNo
83%
within 250 miles of IsraelMaltaNo
83%
within 200 miles of NigeriaSouth SudanNo
83%
within 100 miles of FranceThe United KingdomYes
82%
within 400 miles of CubaVenezuelaNo
82%
within 250 miles of ChinaMalaysiaNo
79%
within 400 miles of CubaPanamaNo
78%
within 250 miles of IsraelSaudi ArabiaYes
77%
within 200 miles of NigeriaSenegalNo
77%
within 250 miles of ChinaSouth KoreaYes
77%
within 250 miles of ChinaTaiwanYes
77%
within 400 miles of CubaThe BahamasYes
77%
within 250 miles of IsraelCyprusYes
76%
within 400 miles of CubaJamaicaYes
76%
within 250 miles of ChinaKazakhstanYes
76%
within 200 miles of NigeriaTogoYes
75%
within 250 miles of IsraelAzerbaijanNo
72%
within 400 miles of CubaHaitiYes
72%
within 100 miles of FranceThe NetherlandsYes
72%
within 400 miles of CubaTrinidad and TobagoNo
70%
within 250 miles of IsraelTurkeyYes
68%
within 250 miles of ChinaPakistanYes
67%
within 200 miles of NigeriaGhanaYes
66%
within 250 miles of IsraelKuwaitNo
66%
within 250 miles of IsraelGreeceNo
64%
within 400 miles of CubaMexicoYes
64%
within 200 miles of NigeriaBurkina FasoYes
62%
within 250 miles of ChinaBangladeshYes
59%
within 400 miles of CubaSt. LuciaNo
54%
within 200 miles of NigeriaChadYes
53%
within 250 miles of ChinaThailandYes
52%
within 200 miles of NigeriaMaliYes
45%
within 200 miles of NigeriaSao Tome and PrincipeYes
43%
within 400 miles of CubaHondurasYes
37%
within 250 miles of ChinaUzbekistanYes
37%
within 100 miles of FranceAustriaYes
31%
within 400 miles of CubaAntigua and BarbudaNo
29%

Score Distribution

Percentile by Number Answered

Percent of People with Each Score

Your Score History

You have not taken this quiz